[Event "TUR-ch Seniors 65"]
[Site "Ankara"]
[Date "2023.05.21"]
[Round "3"]
[White "Gokay, Ali Ekber"]
[Black "Suzan, Mehmet"]
[Result "0-1"]
[WhiteElo "1400"]
[BlackElo "1471"]
[PlyCount "134"]
[EventDate "2023.05.19"]
[EventType "swiss"]
[EventRounds "9"]
[EventCountry "TUR"]
[SourceTitle "CBM 214 Extra"]
[Source "ChessBase"]
[SourceDate "2023.07.31"]
[SourceVersion "1"]
[SourceVersionDate "2023.07.31"]
[SourceQuality "1"]

1. Nf3 g6 2. g3 Bg7 3. Bg2 Nf6 4. d3 0-0 5. Nbd2 c6 6. 0-0 d6 7. h3 Na6 8. a3 Bd7 9. Rb1 Nc7 10. c4 Qc8 11. Kh2 Nh5 12. b4 Rb8 13. Bb2 Nf6 14. Ng1 e6 15. Ne4 Nxe4 16. Bxg7 Nxf2 17. Rxf2 Kxg7 18. Qd2 d5 19. Rbf1 Ne8 20. Nf3 f6 21. c5 b5 22. Qf4 Qc7 23. Qh4 e5 24. Kg1 Be6 25. g4 h6 26. Qg3 Rf7 27. g5 hxg5 28. Nd2 Rd8 29. e4 d4 30. Rf3 Qe7 31. Qe1 Nc7 32. R1f2 Rdf8 33. Nf1 Bd7 34. Ng3 Ne6 35. Ne2 Rh8 36. Qf1 Nf4 37. Nxf4 gxf4 38. a4 a6 39. axb5 axb5 40. Ra2 Rff8 41. Qa1 g5 42. Ra7 Kg6 43. Qa5 Qe6 44. Qc7 Rf7 45. Qd6 Qxd6 46. cxd6 Be6 47. Ra6 Rd8 48. Rxc6 Rfd7 49. Rb6 Rxd6 50. Rxb5 Rc8 51. Rf2 Rdc6 52. Bf1 Rc1 53. Rb2 Bxh3 54. Rf2 g4 55. Rc5 g3 56. Rf3 R8xc5 57. bxc5 Rxc5 58. Bxh3 Rc2 59. Rf1 Rd2 60. Rf3 Kg5 61. Kf1 Kh4 62. Bg2 Kg4 63. Bh1 Rd1+ 64. Kg2 Rxh1 65. Rxg3+ fxg3 66. Kxh1 f5 67. exf5 Kxf5 0-1

[Event "Ankara Baskent Univ op 2nd"]
[Site "Ankara"]
[Date "2017.07.01"]
[Round "3"]
[White "Suzan, Mehmet"]
[Black "Ozcan, Kaan"]
[Result "1-0"]
[WhiteElo "1534"]
[BlackElo "1613"]
[PlyCount "74"]
[EventDate "2017.06.30"]
[EventType "swiss"]
[EventRounds "9"]
[EventCountry "TUR"]
[SourceTitle "CBM 179 Extra"]
[Source "ChessBase"]
[SourceDate "2017.08.23"]
[SourceVersion "1"]
[SourceVersionDate "2017.08.23"]
[SourceQuality "1"]

1. d4 Nf6 2. c4 g6 3. Nc3 d5 4. Bf4 Bg7 5. e3 0-0 6. Nf3 c6 7. Bd3 Bf5 8. Bxf5 gxf5 9. Qb3 b6 10. 0-0 e6 11. Rac1 Ne4 12. cxd5 Nxc3 13. Qxc3 cxd5 14. Ne5 f6 15. Nc6 Nxc6 16. Qxc6 Re8 17. Rc3 e5 18. Bg3 Rc8 19. Qb5 Rxc3 20. bxc3 Kh8 21. Rc1 Bh6 22. Qc6 Bg7 23. Bh4 e4 24. c4 dxc4 25. Rxc4 h6 26. d5 Re5 27. Rd4 Kh7 28. Bg3 Re7 29. d6 Rd7 30. Bf4 h5 31. h3 Kg6 32. g4 hxg4 33. hxg4 fxg4 34. Qxe4+ f5 35. Qe6+ Bf6 36. Be5 Rf7 37. d7 Kg5 1-0

[Event "TUR-ch op"]
[Site "Antalya"]
[Date "2008.02.08"]
[Round "9.32"]
[White "Suzan, Mehmet"]
[Black "Sipahioglu, Irmak"]
[Result "0-1"]
[WhiteElo "1673"]
[BlackElo "2019"]
[PlyCount "136"]
[EventDate "2008.02.04"]
[EventType "swiss"]
[EventRounds "11"]
[EventCountry "TUR"]
[SourceTitle "CBM 122 Extra"]
[Source "ChessBase"]
[SourceDate "2008.03.04"]
[SourceVersion "1"]
[SourceVersionDate "2008.03.04"]
[SourceQuality "1"]

1. d4 Nf6 2. c4 g6 3. Nc3 Bg7 4. e4 d6 5. Nf3 0-0 6. Be2 e5 7. 0-0 Nc6 8. d5 Ne7 9. Ne1 Nd7 10. Bg5 h6 11. Bh4 g5 12. Bg3 f5 13. exf5 Nxf5 14. Ne4 Nf6 15. Bd3 Nxe4 16. Bxe4 Nxg3 17. hxg3 g4 18. Nc2 Qg5 19. Ne3 Bd7 20. Qd3 Rf6 21. Rad1 h5 22. Nc2 h4 23. Qe3 Qh5 24. gxh4 Qxh4 25. Qg3 Qxg3 26. fxg3 Raf8 27. Rxf6 Rxf6 28. Rf1 Rxf1+ 29. Kxf1 Bh6 30. Ke2 Kf7 31. b3 Kf6 32. Kd3 Bc1 33. Ne1 Ba3 34. Nc2 Bc5 35. Ne1 Bf2 36. Nc2 Bxg3 37. Ne3 Kg5 38. Nf1 Bf2 39. Ke2 Kf4 40. Nd2 Bh4 41. Kd3 Be1 42. Nf1 Bf5 43. Bxf5 Kxf5 44. Ke3 e4 45. Ke2 Bh4 46. Ne3+ Kf4 47. a3 Bg5 48. Kf2 Bh4+ 49. Ke2 Bf6 50. Nc2 Kg3 51. Kf1 Kf4 52. Ke2 g3 53. a4 Ke5 54. Kd2 Bd8 55. Kc3 c6 56. Ne3 Bg5 57. dxc6 bxc6 58. Nc2 Bd8 59. b4 d5 60. Nd4 Bf6 61. Nxc6+ Kd6+ 62. Nd4 e3 63. c5+ Kc7 64. Kd3 Bxd4 65. Ke2 a5 66. b5 Bxc5 67. Kf3 Kd6 68. Kxg3 e2 0-1